| 000 | 01130cam a2200313 a 4500 | ||
|---|---|---|---|
| 001 | 2598456 | ||
| 003 | OSt | ||
| 005 | 20211109130003.0 | ||
| 008 | 970711s1998 flua b 001 0 eng | ||
| 010 | _a 97027731 | ||
| 020 | _a0849396522 (alk. paper) | ||
| 038 | _akhadija | ||
| 040 |
_aDLC _cDLC _dDLC |
||
| 050 | 0 | 0 |
_aTA646 _b.S365 1998 |
| 082 | 0 | 0 |
_a624.171 _221 _bSAT |
| 100 | 1 |
_aSathyamoorthy, M. _983739 |
|
| 245 | 1 | 0 |
_aNonlinear analysis of structures / _cMuthukrishnan Sathyamoorthy. |
| 260 |
_aBoca Raton, FL : _bCRC Press, _cc1998. |
||
| 300 |
_a621 p. : _bill. ; _c26 cm. |
||
| 440 | 0 |
_aCRC mechanical engineering series _983539 |
|
| 504 | _aIncludes bibliographical references and index. | ||
| 563 | _aHardcover | ||
| 650 | 0 |
_aStructural analysis (Engineering) _9654 |
|
| 650 | 0 |
_aNonlinear theories. _9655 |
|
| 856 | 4 | 2 |
_3Publisher description _uhttp://www.loc.gov/catdir/enhancements/fy0646/97027731-d.html |
| 906 |
_a7 _bcbc _corignew _d1 _eocip _f19 _gy-gencatlg |
||
| 942 |
_2ddc _cBK |
||
| 999 |
_c31781 _d31781 |
||